Prvá trieda

Bibliographic Details
Main Author: Hudec, Marian (Author)
Format: Article
Language:Slovak
Subjects:

MARC

LEADER 00000nab a2200000 ar4500
001 vtls009170749
003 SK-MaSNL
005 20260303055219.0
008 080104c2007 xo mr|p|||||||000 b|slo
015 |a SNBRB2008/01  |2 snkbucl 
038 |a SNKBUCL 
040 |a SNKBUCL  |b slo  |c SNKBUCL  |e AACR2 
041 0 |a slo 
044 |a xo  |c SK 
080 |a 629.4:061.5(437.6)  |2 2001 
080 |a 629.45  |2 2001 
100 1 |a Hudec, Marian  |4 aut  |9 499189 
245 1 0 |a Prvá trieda  |c Marian Hudec 
610 2 7 |a Železničné opravovne a strojárne (Vrútky, Slovensko)  |2 snkbucl  |9 35398 
650 0 7 |a osobné železničné vozne  |2 snkbucl  |9 79491 
650 0 7 |a Bmpeer (osobný železničný vozeň)  |2 snkbucl  |9 1050302 
773 0 |t Revue priemyslu  |g Č. 12 (2007), s. 16  |x 1336-9857 
852 |a SNK  |b KIS3GCP 
958 |a SK 
999 |c 1726421  |d 1728351